000 00468pam a2200181 a 4500
020 _a078173262X
_c3885.75
041 _aeng
_hNULL
082 _a618.1
_bBER
100 _aBEREK, J .
245 _aNOVAK`S GYNAECOLOGY /
_cNULL.
_hTextual Documents
260 _aNULL :
_bLIPPINCOTT WILLIAMS & WILKINS ,
_c2002.
300 _a1432 :
_bxxiv ;
_cA4 .
365 _a3885.75
_e1
907 _a2265
930 _a609
999 _c795145
_d795145
650 _aOBST.GYNE